STN EN 60929: 2005 (36 0596) [neplatná], Elektronické predradníky trubicových žiariviek napájané striedavým prúdom. Prevádzkové požiadavky

Táto norma je slovenskou verziou EN 60929: 2004. Európska norma EN 60929: 2004 má postavenie slovenskej technickej normy

Bibliographic Details
Corporate Author: ERKON (Nové Zámky, Slovensko) (Translator)
Other Authors: Polák, Tibor (Translator)
Format: Software eBook
Language:Slovak
English
PhysicalDescription:1 elektronický optický disk (CD-ROM) čb. 12 cm
Published: Bratislava Slovenský ústav technickej normalizácie 2005
Subjects:

MARC

LEADER 00000nam a2200000 a 4500
001 vtls008302188
003 SK-MaSNL
005 20260301095030.0
007 co bg auuua
008 130117s2005 xo a fsu 000 0 slo
015 |a SNBN2014 
020 |c (cen. skup. 20) 
040 |a SNK  |b slo  |c SNK  |e AACR2 
041 1 |a slo  |h eng 
044 |a xo  |c SK 
046 |a m  |m 200505 (účin.)  |n 200611 (zruš.) 
072 7 |a 621.3  |x Elektrotechnika  |2 konspekt 
072 7 |a 628  |x Sanitárna technika. Vodárenstvo. Odpadové hospodárstvo. Svetelná technika  |2 konspekt 
080 |a 628.9.02/.04  |2 2001 
080 |a 006.7/.8  |2 2001 
080 |a (437.6)  |2 2001 
080 |a (4)  |2 2001 
080 |a (0.034.44)  |2 2001 
080 |a (083)  |2 2001 
080 |a 621.387  |2 2001 
080 |a 621.327  |2 2001 
084 |a 29.140.30  |2 ICS 
130 0 |a STN 36 0596 (STN EN 60929) [neplatná]  |9 429762 
245 1 0 |a STN EN 60929: 2005 (36 0596) [neplatná], Elektronické predradníky trubicových žiariviek napájané striedavým prúdom. Prevádzkové požiadavky  |h elektronický zdroj 
246 1 0 |a Elektronické predradníky trubicových žiariviek napájané striedavým prúdom 
246 3 0 |a EN 60929: 2004 E 
260 |a Bratislava  |b Slovenský ústav technickej normalizácie  |c 2005 
300 |a 1 elektronický optický disk (CD-ROM)  |b čb.  |c 12 cm 
500 |a Názov z titulnej obrazovky 
500 |a Spracovateľ: Tibor Polák - ERKON, Nové Zámky 
500 |a Táto norma nahrádza anglickú verziu STN EN 60929 z novembra 2004, ktorá od 1.11.2004 nahradila STN EN 60929+A1+A2 z mája 1998 v celom rozsahu. STN EN 60929+A1+A2 z mája 1998 sa môže užívať súbežne s touto normou do 1.3.2007 
500 |a Súbežný názov anglicky, nemecky a francúzsky 
500 |a Norma je nahradená normou STN EN 60929 z novembra 2006 v celom rozsahu 
504 |a Súvisiace právne predpisy s. 2 
516 |a Textové informácie (technické normy), 1 súbor vo formáte pdf 
520 8 |a Táto norma je slovenskou verziou EN 60929: 2004. Európska norma EN 60929: 2004 má postavenie slovenskej technickej normy 
538 |a Technické požiadavky na systém: MS Windows 95/98/2000/XP Acrobat Reader 5.0 
540 |a STN vydané na akomkoľvek nosiči sa môžu rozmnožovať a rozširovať iba so súhlasom určenej právnickej osoby  |b SÚTN Bratislava  |c zákon 264/1999 Z.z. 
650 0 7 |a svetelné zdroje  |2 SNKPH  |9 81768 
650 0 7 |a technické normy a štandardy  |z Slovensko  |2 SNKPH  |9 79594 
650 0 7 |a technické normy a štandardy  |z krajiny Európskej únie  |2 SNKPH  |9 289341 
650 0 7 |a Light sources  |2 SNKPHeng  |9 313133 
650 0 7 |a výbojky  |2 SNKPH  |9 313132 
650 0 7 |a Discharge lamps  |2 SNKPHeng  |9 313134 
655 7 |a normy  |2 SNKPH  |9 70643 
655 7 |a elektronické zdroje  |2 SNKPH  |9 90954 
655 7 |a Electronic resources  |2 SNKPHeng  |9 175546 
700 1 |a Polák, Tibor  |4 trl  |9 313135 
710 2 |a ERKON (Nové Zámky, Slovensko)  |4 trl  |9 313136 
710 2 |a Slovenský ústav technickej normalizácie.  |b Technická komisia č. 20 Svetelné zdroje, svietidlá a ich príslušenstvo  |4 stn  |9 155450 
958 |a NB 
958 |a OP 
999 |c 682011  |d 683941 
952 |a SNK  |b SNK  |y PREZ  |7 0  |p 17A0484239  |o snkSTN EN 60929  |i snk2005/16809  |8 0  |0 0  |1 0  |4 0  |d 2005-10-11  |l 0  |r 2026-02-23 20:00:38  |w 2026-02-23 
952 |a SNK  |b SNK  |y PREZ  |7 0  |p 17A0484240  |o snkSTN EN 60929 D1  |i snk2005/16811  |8 0  |0 0  |1 0  |4 0  |d 2005-10-11  |l 0  |r 2026-02-23 20:00:38  |w 2026-02-23